| 000 | 00459nam a2200157Ia 4500 | ||
|---|---|---|---|
| 008 | 160316s1985 xxu||||| |||| 00| 0 eng d | ||
| 082 |
_a362.100000 _bBAN |
||
| 100 | _aBang Abhay | ||
| 245 | _aHealth care which way to go? examination of issues and alternatives | ||
| 250 | _a | ||
| 260 |
_aNew Delhi _bMedico Friend Circle _c1985 |
||
| 300 |
_a256p. _b20 cm _cxiv |
||
| 365 | _b | ||
| 650 | _a1. Health Care -Third World Countries | ||
| 700 |
_aPatel Ashvin J _a |
||
| 999 |
_c3803 _d3803 |
||